Pictorial encyclopedia of Japanese life and events

With its 500 photographs and illustrations, most of them in color, the book is an excelent visual guide to the culture, history and society of Japan. It is an easy-to-use reference to Japanese origins and myths, religions and rituals, traditions and festivals, architecture and art.

Đã lưu trong:
书目详细资料
主要作者: Nakayama, Kaneyoshi
格式: 图书
语言:Undetermined
出版: Tokyo Gakken 1993
标签: 添加标签
没有标签, 成为第一个标记此记录!
Thư viện lưu trữ: Trung tâm Học liệu Trường Đại học Cần Thơ
LEADER 00750nam a2200181Ia 4500
001 CTU_127427
008 210402s9999 xx 000 0 und d
082 |a 952 
082 |b K16 
100 |a Nakayama, Kaneyoshi 
245 0 |a Pictorial encyclopedia of Japanese life and events 
245 0 |c Nakayama Kaneyoshi 
260 |a Tokyo 
260 |b Gakken 
260 |c 1993 
520 |a With its 500 photographs and illustrations, most of them in color, the book is an excelent visual guide to the culture, history and society of Japan. It is an easy-to-use reference to Japanese origins and myths, religions and rituals, traditions and festivals, architecture and art. 
904 |i Giang 
980 |a Trung tâm Học liệu Trường Đại học Cần Thơ